| 000 | 00579nam a2200133Ia 4500 | ||
|---|---|---|---|
| 008 | 100328s9999 xx 000 0 und d | ||
| 082 | _b51244 | ||
| 100 | _aगोखले शरदचंद्र | ||
| 245 | _aकेसरी वैचारीक संदर्भ आणि वाटचाल. | ||
| 260 | _bकेसरी मुद्रणालय | ||
| 630 | _aकेसरी वैचारीक संदर्भ आणि वाटचाल. | ||
| 730 | _aकेसरी वैचारीक संदर्भ आणि वाटचाल. | ||
| 942 | _cBOOK | ||
| 999 |
_c538223 _d538220 |
||